Hiệu quả của biện pháp luân canh lúa - màu kết hợp bón phân hữu cơ trong cải thiện đặc tính đất và năng suất lúa trong vùng đê bao tại Cai Lậy - Tiền Giang : Luận văn Thạc sĩ ngành Khoa học đất

Gardado en:
Detalles Bibliográficos
Autor Principal: Lê, Thị Kim Cương
Formato: Libro
Idioma:Undetermined
Publicado: Cần Thơ Trường Đại học Cần Thơ 2011
Những chủ đề:
Các nhãn: Engadir etiqueta
Sen Etiquetas, Sexa o primeiro en etiquetar este rexistro!
Thư viện lưu trữ: Trung tâm Học liệu Trường Đại học Cần Thơ
LEADER 00925nam a2200217Ia 4500
001 CTU_168145
008 210402s9999 xx 000 0 und d
082 |a 633.18 
082 |b C561 
088 |a 60620103 
100 |a Lê, Thị Kim Cương 
245 0 |a Hiệu quả của biện pháp luân canh lúa - màu kết hợp bón phân hữu cơ trong cải thiện đặc tính đất và năng suất lúa trong vùng đê bao tại Cai Lậy - Tiền Giang : 
245 0 |b Luận văn Thạc sĩ ngành Khoa học đất 
245 0 |c Lê Thị Kim Cương ; Võ Thị Gương ( hướng dẫn khoa học ) 
260 |a Cần Thơ 
260 |b Trường Đại học Cần Thơ 
260 |c 2011 
650 |a Rice,Cây lúa 
650 |x Research,Nghiên cứu 
904 |i Qhieu 
980 |a Trung tâm Học liệu Trường Đại học Cần Thơ